| 000 | 004330000a22001810004500 | ||
|---|---|---|---|
| 003 | MACL | ||
| 005 | 20151206155016.0 | ||
| 008 | 151206b xxu||||| |||| 00| 0 eng d | ||
| 040 |
_aMACL _cMACL |
||
| 041 | _aEnglish | ||
| 082 | _a741.642 | ||
| 100 |
_aBhagwat, Leelavati _919633 |
||
| 245 | _aA Night In The Wood | ||
| 260 |
_bSahitya Academy _c1994 |
||
| 350 | _a25 | ||
| 650 |
_aChildern Book _916102 |
||
| 942 |
_cBK _k741.642 _2ddc |
||
| 999 |
_c3150 _d3150 |
||